Psicología general /

Guardado en:
Autor Principal: Davini, Maria Cristina
Otros Autores: Gellon de Salluzi, Silvia R., Rossi, Ana Aída
Formato: Libro
Publicado: Buenos Aires : Kapelusz, 1978
Materias:
Etiquetas: Agregar Etiqueta
Sin Etiquetas, Sea el primero en etiquetar este registro!
LEADER 01007nam a22002415a 4500
001 CEM.cems001987
005 20090403113842.0
008 130507s1978##################000#0#####d
003 CEMS
082 0 4 |a 150 
100 1 |a Davini, Maria Cristina 
245 1 0 |a Psicología general /  |c Maria Cristina Davini, Silvia R. Gellon de Salluzzi, Ana Aída Rossi 
260 |a Buenos Aires :  |b Kapelusz,  |c 1978 
300 |a 185 p. 
505 0 |a Conducta y personalidad como objeto de estudio de la psicología -- Aspecto energético de la conducta -- Aspecto estructurante de la conducta -- La personalidad como síntesis integradora 
653 |a Psicología 
653 |a Psicología-polimodal 
653 |a Psicología-educación secundaria 
700 1 |a Gellon de Salluzi, Silvia R. 
700 1 |a Rossi, Ana Aída 
859 |a CEMS  |b BIB. CEMS - 11 de abril  |h 150  |i D289  |p 11064.82  |t Ej.2 
859 |a CEMS  |b BIB. CEMS - 11 de abril  |h 150  |i D289  |p 21423.01  |t Ej.3 
859 |a CEMS  |b BIB. CEMS - 11 de abril  |h 150  |i D289  |p 6636.78  |t Ej.1